| 000 | 00973nam a2200229 i 4500 | ||
|---|---|---|---|
| 001 | 11250 | ||
| 003 | ES-MaACL | ||
| 005 | 20230906150048.0 | ||
| 007 | t| | ||
| 008 | 960327s1994 sp ||||1| spa d | ||
| 020 | _a84-89097-00-3 | ||
| 080 | _a347.964(460)(079.1) | ||
| 100 | 1 |
_aMonte Soria, Manuel del. _982421 |
|
| 245 | 1 | 0 |
_aOficiales de la Administración de Justicia _b: manual práctico de derecho procesal / _cManuel del Monte Soria, Juan Carlos Martín del Monte, Isabel Gómez Alcalde. |
| 260 |
_aMadrid : _bA. Difusión, _cD.L. 1994. |
||
| 300 |
_a2 v. ; _c22 cm. |
||
| 505 | 8 | _aVol.I : I. Procedimiento civil-- Vol.II : II. Procedimiento penal. III. Procedimiento contenciso-administrativo y laboral | |
| 610 | 2 | 7 |
_aCuerpo de Oficiales de la Administración de Justicia- _vContestaciones para oposiciones. _93351 |
| 700 | 1 |
_aMartín del Monte, Juan Carlos. _977467 |
|
| 700 | 1 |
_aGómez Alcalde, Isabel. _957808 |
|
| 852 |
_aES-MaACL _jL-18574-75 _bR.124936 |
||
| 999 |
_c11250 _d11250 |
||